000 00762nam a2200229Ia 4500
005 20250508164647.0
008 008 250505s9999 xx 000 0 eng d
020 _a0-7069-9695-X
037 _aTextual
040 _aFEDL
_beng
_cFEDL
041 _aeng
_2eng
084 _a371.2, NAT
_qFEDL
100 _aMahajan Baldev
_9467948
245 0 _aEducational administration in Karnataka: Structures, processes and future prospects
245 0 _cNATIONAL INSTITUTE OF EDUCATIONAL PLANNING AND ADMINISTRATION
260 _aNew Delhi, India
_bVikas Publishing house Pvt Ltd
_c1994
300 _axxvii,271p.
365 _aINR
_b295
700 _a Goyal J C Raghavendra Char B N
_9778776
942 _cTEXL
_h371.2, NAT
999 _c1390411
_d1390411